Usilija i deformacii pri plastičeskoj obrabotke metallov

Saved in:
Bibliographic Details
Format: Book
Language:Russian
Published: Alma-Ata : Nauka, 1967
Subjects:
Tags: Add Tag
No Tags, Be the first to tag this record!

MARC

LEADER 00000nam a22000003a 4500
001 stu43809
005 20141122015651.8
008 941214s1967----xxr-----------------rus-d
040 |a STU  |b slo 
041 0 |a rus 
044 |a xxr 
080 |a 539.374 
245 |a Usilija i deformacii pri plastičeskoj obrabotke metallov 
260 |a Alma-Ata :  |b Nauka,  |c 1967 
300 |a 98 s 
650 7 |a Deformácie plastické  |2 stusub 
996 |b 284M062154  |c M*3169-1  |l MMKN  |s A  |a 24  |w stu43809_0001